00314nam a2200109Ia 4500008004000000082001500040100002500055245003700080260004100117300001300158650003300171210210b1951 xxu||||| |||| 00| 0 eng d a541.3 HINS aHIINSHEL WOOD (C N). aStructure of physical chemistry. aOxfordbAt the Clarendon Pressc1951 aviii,476 aStructure Physical Chemistry